Acciones colectivas y conflicto en Buenaventura 2008 - 2012 (Registro nro. 303261)
[ vista simple ]
| 000 -ENCABEZADO | |
|---|---|
| Número de control [NR] | 01248 a2200277 4500 |
| 005 - FECHA Y HORA DE LA ÚLTIMA TRANSACCIÓN | |
| control field | 20160505111907.0 |
| 008 - DE LONGITUD FIJA DE DATOS DE ELEMENTOS - INFORMACIÓN GENERAL | |
| Elementos de longitud fija [NR] | 160503s2015 ck bd||fr|||| 000 0 spa d |
| 020 ## - NUMERO INTERNACIONAL NORMALIZADO PARA LIBROS [R] | |
| Número Internacional Normalizado del libro [NR] | 9789588566597 |
| 040 ## - FUENTE DE CATALOGACION [NR] | |
| Agencia de catalogación original [NR] | CO-BoUCM |
| Idioma de catalogación [NR] | spa |
| Quien Cataloga | Sandra Palacio |
| Quien Clasifica | Sandra Palacio |
| 041 0# - CODIGO DE IDIOMA [R] | |
| Código de idioma para texto/pista de sonido o título separado [R] | Español |
| 100 1# - ASIENTO PRINCIPAL--NOMBRE PERSONAL [NR] | |
| Nombre personal [NR] | Montoya Duque, Gloria Inés |
| ID Autoridad | 76976 |
| 245 10 - MENCION DE TITULO [NR] | |
| Título [NR] | Acciones colectivas y conflicto en Buenaventura 2008 - 2012 |
| Mención de responsabilidad, etc. [NR] | Gloria Inés Montoya Duque, Christian Alexander Narváez Álvarez, Amparo Carrillo Sáenz |
| 260 ## - PUBLICACION, DISTRIBUCION, ETC. (PIE DE IMPRENTA) [R] | |
| Nombre del editor, distribuidor, etc. [R] | Universidad del Pacífico |
| Fecha de publicación, distribución, etc. [R] | 2015 |
| Lugar de publicación, distribución, etc. [R] | Buenaventura (Colombia) |
| 300 ## - DESCRIPCION FISICA [R] | |
| Extensión [R] | 76 páginas |
| Otros detalles físicos [NR] | mapas, tablas, gráficos |
| 504 ## - NOTA DE BIBLIOGRAFIA, ETC. [R] | |
| Nota de bibliografía, etc. [NR] | Incluye referencias bibliográficas |
| 650 #7 - ASIENTO SECUNDARIO DE MATERIA - TERMINO TEMATICO [R] | |
| Término temático o nombre geográfico como elemento de entrada [NR] | Violencia |
| Subdivisión general [R] | Aspectos sociales |
| Subdivisión geográfica [R] | Colombia |
| 9 (RLIN) | 32080 |
| 650 #7 - ASIENTO SECUNDARIO DE MATERIA - TERMINO TEMATICO [R] | |
| Término temático o nombre geográfico como elemento de entrada [NR] | Conflicto armado |
| Subdivisión general [R] | Aspectos sociales |
| 9 (RLIN) | 36392 |
| 650 #7 - ASIENTO SECUNDARIO DE MATERIA - TERMINO TEMATICO [R] | |
| 9 (RLIN) | 11564 |
| Término temático o nombre geográfico como elemento de entrada [NR] | Conflicto armado |
| Subdivisión general [R] | Aspectos económicos |
| 650 #7 - ASIENTO SECUNDARIO DE MATERIA - TERMINO TEMATICO [R] | |
| 9 (RLIN) | 19835 |
| Término temático o nombre geográfico como elemento de entrada [NR] | Movimientos de protesta |
| 690 ## - ASUNTO AGREGADO LOCAL DE ENTRADA - TÉRMINO TEMÁTICO (OCLC, RLIN) | |
| Acceso temático local | Sociología |
| 9 (RLIN) | 386 |
| 700 1# - ASIENTO SECUNDARIO - NOMBRE PERSONAL [R] | |
| Nombre personal [NR] | Narváez Álvarez, Christian Alexander |
| 9 (RLIN) | 76977 |
| 700 1# - ASIENTO SECUNDARIO - NOMBRE PERSONAL [R] | |
| Nombre personal [NR] | Carrillo Sáenz, Amparo |
| 9 (RLIN) | 76978 |
| 710 1# - ASIENTO SECUNDARIO - NOMBRE CORPORATIVO [R] | |
| Nombre corporativo o de jurisdicción como elemento de entrada [NR] | Universidad del Pacífico |
| Unidad subordinada [R] | Programa de sociología |
| -- | Grupo de investigación Huellas del Pacífico |
| 9 (RLIN) | 76979 |
| 942 ## - ELEMENTOS DE ENTRADA AGREGADOS (KOHA) | |
| Tipo de ítem principal el descrito en 300a | Libro |
| Sistema de clasificación | DEWEY |
| Tema principal | Sociología |
| Edición | 1 |
| Clasificación | 303.66 |
| Parte restante de la signatura top. | M978ac |
| Total préstamos | Signatura topográfica | Código de barras | Última vez visto | Ejemplar | Costo de reposición | Price effective from | Tipo de ítem | Perdido | Sistema de clasificación | Dañado | No prestable | Tipo de ítem específico | Suprimido | Ubicación habitual | Ubicación actual | Localización | Fecha de creación | Proveedor | Forma de adquisición | Costo |
|---|---|---|---|---|---|---|---|---|---|---|---|---|---|---|---|---|---|---|---|---|
| 303.66 M978ac | 100149054 | 09/12/2025 | Ej.1 | 26000.00 | 21/04/2016 | Libro | DEWEY | Libro | Claustro | Claustro | 2do piso | 21/04/2016 | 12 | Donación | 0.00 |